Devinez la Langue - Statistiques

Statistiques générales
  • Ce quiz a été pris 147 685 fois
  • Le résultat moyen est 13 sur 24
Statistiques - réponses
Langue % Correct
Français
100%
Anglais
99%
Espagnol
99%
Arabe
98%
Allemand
94%
Russe
90%
Mandarin
86%
Portugais
79%
Italien
66%
Japonais
65%
Coréen
64%
Turc
60%
Hébreu
53%
Néerlandais
49%
Grec
46%
Vietnamien
45%
Thaï
34%
Suédois
32%
Hindi
24%
Persan
18%
Malais
9%
Kiswahili
6%
Ourdou
5%
Marathi
1%
Aucun quiz correspondant
Distribution des résultats
% des personnes avec chaque résultat
Percentile par nombre de réponses
Votre historique - résultats
Vous n’avez pas pris ce quiz